| 000 | 00687nam a2200217 a 4500 | ||
|---|---|---|---|
| 005 | 20180803170228.0 | ||
| 008 | 881128s1988 ck r 00010 spa d | ||
| 020 | _a9586012050 | ||
| 040 |
_aCO-BoBLA _cCO-BoBLA _dCO.BoIAVH |
||
| 041 | 0 | _aspa | |
| 044 | _ack | ||
| 082 | 0 | 4 |
_a577 _bP29e1 |
| 100 | 1 |
_aPatño, Hernando, _d1939-1986. |
|
| 245 | 1 | 0 |
_aEcología y sociedad : _by otros escritos / _cHernando Patiño. |
| 260 |
_aBogotá : _bTercer Mundo Editores, _c1988. |
||
| 300 |
_a191 páginas ; _c21 x 14 centímetros |
||
| 650 | 6 | _aEcología. | |
| 650 | 6 |
_aEcología _xpoblación |
|
| 650 | 6 |
_aProtección ambiental _z Colombia. |
|
| 942 |
_2ddc _cLIBRO |
||
| 999 |
_c18194 _d18194 |
||